| 000 | 00909nas a2200325 4500 | ||
|---|---|---|---|
| 001 | BR8503422 | ||
| 003 | BR-BrBNA | ||
| 005 | 20231205090250.0 | ||
| 007 | ta | ||
| 008 | 230509b bl.|||p| |||| 00| 00por d | ||
| 040 |
_aBR-BrBNA _bpor _cBiblioteca Nacional de Agricultura |
||
| 041 | _a(Pt) | ||
| 072 | _aH10; H20 | ||
| 100 | 1 | _aCabrita, J.R.M. | |
| 111 | 1 |
_a7. Semana da Citricultura _cLimeira, SP (Brazil) _d10-14 Jun 1985 |
|
| 245 | 1 | _aTratamento fitossanitario dos laranjais [Sao Paulo] | |
| 650 | _aLARANJA | ||
| 650 | _aACARO | ||
| 650 | _aCOCHONILHA | ||
| 650 | _aBROCA | ||
| 650 | _aFUNGO | ||
| 650 | _aVIRUS | ||
| 650 | _aBACTERIA | ||
| 650 | _aINFESTACAO | ||
| 650 | _aTRATAMENTO FITOSSANITARIO | ||
| 650 | _aSAO PAULO | ||
| 773 | 0 |
_tLaranja (Brazil) _xISSN 0102-1907 _g(1985), (no. 6) p. 229-240 _wBR8503422 |
|
| 909 |
_a202311 _bLúcia _c55 _dLúcia Elande |
||
| 942 |
_2AGRIS _n0 _cANA |
||
| 999 |
_c117225 _d117225 |
||